Excavaciones en los dólmenes de Salamanca (Record no. 181812)

MARC details
000 -LEADER
campo de control de longitud fija 00899nam a2200217 i 4500
001 - NÚMERO DE CONTROL
campo de control 181812
003 - IDENTIFICADOR DE NÚMERO DE CONTROL
campo de control ES-MaACL
005 - FECHA Y HORA DE LA ÚLTIMA TRANSACCIÓN
campo de control 20230906221447.0
008 - DATOS DE LONGITUD FIJA--INFORMACIÓN GENERAL
campo de control de longitud fija 130327s1931 sp | |||| ||spa d
080 ## - NÚMERO DE LA CLASIFICACIÓN DECIMAL UNIVERSAL
Número de la Clasificación Decimal Universal 903.5(460.187)
100 1# - ENTRADA PRINCIPAL--NOMBRE DE PERSONA
Nombre de persona Morán Bardón, César.
9 (RLIN) 83115
245 10 - MENCIÓN DEL TÍTULO
Título Excavaciones en los dólmenes de Salamanca
Resto del título : memoria redactada por el delegado director /
Mención de responsabilidad, etc. P. César Morán.
260 ## - PUBLICACIÓN, DISTRIBUCIÓN, ETC.
Lugar de publicación, distribución, etc. Madrid :
Nombre del editor, distribuidor, etc. [s.n.],
Fecha de publicación, distribución, etc. 1931 (
Fabricante Tipografía de Archivos)
300 ## - DESCRIPCIÓN FÍSICA
Extensión 72 p., XXII h. de lám. :
Otras características físicas il. ;
Dimensiones 24 cm.
490 1# - MENCIÓN DE SERIE
Mención de serie Junta Superior de Excavaciones y Antigüedades ;
Designación de volumen o secuencia n. 113 = n. 2, 1930
650 #4 - PUNTO DE ACCESO ADICIONAL DE MATERIA--TÉRMINO DE MATERIA
Término de materia o nombre geográfico como elemento de entrada Dólmenes-
Subdivisión geográfica Salamanca (Provincia)
9 (RLIN) 152545
710 2# - ENTRADA AGREGADA--NOMBRE DE ENTIDAD CORPORATIVA
Nombre de entidad corporativa o nombre de jurisdicción como elemento de entrada España.
Unidad subordinada Junta Superior de Excavaciones y Antigüedades.
9 (RLIN) 152463
830 0# - PUNTO DE ACCESO ADICIONAL DE SERIE-TÍTULO UNIFORME
Título uniforme Junta Superior de Excavaciones y Antigüedades ;
Designación de volumen o secuencia n. 113 = n. 2, 1930
9 (RLIN) 191570
852 ## - LOCALIZACIÓN
Ubicación ES-MaACL
Número de control de estantería E-3379(4)
Holdings
Estatus retirado Estado de pérdida Estado de daño No para préstamo Biblioteca de origen Biblioteca actual Ubicación en estantería Fecha de adquisición Fuente de adquisición Total de préstamos Signatura topográfica completa Código de barras Visto por última vez Precio de reemplazo Tipo de ítem Koha
        Biblioteca del Ateneo de Madrid Biblioteca del Ateneo de Madrid Depósito 2 27/03/2013     E-3379(4) 1191062 23/02/2023 23/02/2023 Libro impreso